Pactos sobre sucesiones futuras

Salvato in:
Dettagli Bibliografici
Autore principale: Lara Roloff, Francisco Javier (autor)
Natura: Sconosciuto
Lingua:inglese
Pubblicazione: Santiago, Chile: Ediciones Der, 2021
Edizione:Primera edición
Serie:Ej Ensayos jurídicos
Soggetti:
Tags: Aggiungi Tag
Nessun Tag, puoi essere il primo ad aggiungerne!!

MARC

LEADER 00000 a2200000 4500
003 CL-VaPUC
005 20211229185554.0
008 211210b2021 ||||| |||| 00| 0 eng d
999 |c 434290  |d 434288 
020 |a 978-956-405-013-3 
040 |c Pontificia Universidad Católica de Valparaíso 
082 |a 346.052 LAR 2021  |2 22 
100 1 |a Lara Roloff, Francisco Javier  |9 865130  |e autor 
245 1 |a Pactos sobre sucesiones futuras 
250 |a Primera edición 
260 |a Santiago, Chile:  |b Ediciones Der,  |c 2021 
300 |a 219 páginas 
490 |a Ej Ensayos jurídicos 
583 |k Sebastián Perez  |c 20211210 
650 0 |a Derecho sucesorio  |9 255015  |z Chile 
650 0 |a Pactos sucesorios  |z Chile   |9 865433 
650 0 |a Derecho comparado  |9 255664 
942 |2 ddc  |c BK 
952 |0 0  |1 0  |2 ddc  |4 0  |6 346_052000000000000_LAR_2021  |7 0  |8 A  |9 579498  |a BIBDER  |b BIBDER  |d 2021-12-03  |e 22  |g 20000.00  |i 5628377  |l 3  |m 4  |o 346.052 LAR 2021  |p 5628377  |r 2023-01-25  |s 2022-06-24  |t 1  |v 20000.00  |w 2021-12-09  |y BK  |k DER